Anagramme groupe de Kpop - Statistiques

Statistiques générales
  • Ce quiz a été pris 611 fois
  • Le résultat moyen est 12 sur 15
Statistiques - réponses
Hint Réponse % Correct
tiyz Itzy
96%
uprlpe skis Purple Kiss
95%
vetneesen Seventeen
95%
npehyne Enhypen
93%
el rfesimsa Le Sserafim
93%
rechdaamcter Dreamcatcher
91%
lcbak ikpn BlackPink
90%
abby oermtsno Baby Monster
86%
eztae Ateez
78%
het yzbo The Boyz
77%
rkda Kard
76%
tsyar dksi Stray Kids
76%
ycsat StayC
67%
izeri Riize
63%
ksixer Xikers
63%
Aucun quiz correspondant
Distribution des résultats
% des personnes avec chaque résultat
Percentile par nombre de réponses
Votre historique - résultats
Vous n’avez pas pris ce quiz